| 000 | 00707nam a22002417a 4500 | ||
|---|---|---|---|
| 003 | OSt | ||
| 005 | 20210419085721.0 | ||
| 008 | 210227s2004 ||||| |||| 00| 0 eng d | ||
| 020 | _a0743471903 | ||
| 040 |
_aeng _beng _cDLC |
||
| 041 | _aeng | ||
| 080 |
_a821.111 _bS-34 |
||
| 100 |
_9594 _aSchmitz, H. James |
||
| 245 |
_aEternal Frontier _c/ by: Baen Publishing Enterprises |
||
| 260 |
_aRiverdale, New York _bBaen Publishing Enterprises _c2004 |
||
| 300 | _a729 p. | ||
| 365 | _b7.99 usd | ||
| 650 | 0 |
_9247 _aEnglish literature |
|
| 653 | _aინგლისური ლიტერატურა | ||
| 700 |
_91165 _aFlint, Eric _eEditor |
||
| 700 |
_91166 _aGordon, Guy _eEditor |
||
| 942 |
_2udc _cBK |
||
| 999 |
_c1787 _d1787 |
||